| 000 | 00744nmc a2200277 a 4500 | ||
|---|---|---|---|
| 003 | AR-BaBNM | ||
| 005 | 20251128210015.0 | ||
| 008 | 108119s1990 ||||||||||||||000 | spa|| | ||
| 020 | _a84-329-8603-8 | ||
| 040 | _cAR-BaBNM | ||
| 100 | 1 | _aAtwood, Beth S. | |
| 245 | 1 | 0 | _aComo explicar los mapas |
| 250 | _a3ª ed. | ||
| 260 |
_aBarcelona _bEdiciones Ceac _c1990 |
||
| 300 | 0 |
_a105 p. _bmapas, il., grab. |
|
| 490 | 0 | _aAula práctica | |
| 500 | 0 | _aEl nombre del autor figura en la contratapa | |
| 650 | 4 | _aGEOGRAFIA | |
| 650 | 4 | _aENSENANZA DE LAS CIENCIAS SOCIALES | |
| 650 | 4 | _aENSENANZA DE LA GEOGRAFIA | |
| 650 | 4 | _aMAPAS | |
| 650 | 4 | _aCARTOGRAFIA | |
| 800 | 1 |
_aSarramona, Jaume _edirector |
|
| 942 | _cBK | ||
| 998 | _cRaquel | ||
| 999 |
_c13679 _d13679 |
||